| 000 | 00690nam a2200193 i 4500 | ||
|---|---|---|---|
| 001 | 114532 | ||
| 003 | ES-MaACL | ||
| 005 | 20250929063152.0 | ||
| 007 | t| | ||
| 008 | 070308m18581872fr ||||1| fre d | ||
| 100 | 1 |
_aRabelais, François, _dca. 1494-1553 _994857 |
|
| 245 | 1 | 0 |
_aOeuvres de Rabelais _b: seule édition conforme aux derniers textes revus par l'auteur avec les variantes de toutes les éditions originales, des notes et un glossaire. |
| 260 |
_aParis : _bP. Jannet, _c1858-72. |
||
| 300 |
_a2 v. ; _c17 cm. |
||
| 490 | 1 | _aBibliothèque elzévirienne | |
| 830 | 0 |
_aBibliothèque elzévirienne _9180979 |
|
| 852 |
_aES-MaACL _jG-2322-23 |
||
| 999 |
_c114532 _d114532 |
||